| 000 | 00449nam a2200169Ia 4500 | ||
|---|---|---|---|
| 003 | GCL | ||
| 008 | 140319s9999 xx 000 0 eng d | ||
| 040 |
_aGCL / _cGCL |
||
| 082 | 0 | 4 |
_a320.12 _bG P |
| 100 | 1 | _aGLASSNER, MARTIN IRA | |
| 245 | 1 | 0 |
_aPOLITICAL GEOGRAPHY / _cGLASSNER, MARTIN IRA |
| 260 |
_a[S.N] : _bJOHN WILEY AND SONS. INC ، _c1996 |
||
| 300 | _a716 P | ||
| 650 | 0 | 4 | _aPOLITICAL GEOGRAPHY |
| 650 | 0 | 4 | _aGEOPOLITICS |
| 942 |
_2ddc _cBK |
||
| 999 |
_c13308 _d13308 |
||